000 00230 a2200097 4500
001 17954
100 _aMarion, J B
245 _aComparative studies & Edu decision
260 _a
_bMethuen Educational Ltd
_c
090 _c13260
_d13260
942 _aNUST-CAE
_cM
_c3626
999 _c253027
_d253027